La Escuela de Derecho de Valparaíso: semblanza histórica 1911-1961, homenaje a sus 50 años de existencia
Na minha lista:
| Autor principal: | |
|---|---|
| Formato: | Livro |
| Idioma: | espanhol |
| Publicado em: |
Valparaíso
Mercantil
1961
|
| Assuntos: | |
| Tags: |
Adicionar Tag
Sem tags, seja o primeiro a adicionar uma tag!
|
MARC
| LEADER | 00000nam a2200000 a 4500 | ||
|---|---|---|---|
| 001 | UCR4140 | ||
| 003 | CL-VaPUC | ||
| 008 | 980307e19610000CL |||||||||||||||||spa|d | ||
| 082 | 0 | 4 | |a 340.072 |b GUZ |2 21 |
| 100 | |a Guzmán Escobar, Oscar |e autor |9 563821 | ||
| 245 | 1 | 3 | |a La Escuela de Derecho de Valparaíso: semblanza histórica 1911-1961, homenaje a sus 50 años de existencia |
| 300 | |a 29 p | ||
| 942 | |c BK | ||
| 945 | |d 19980307 00:00:00 |a cmena | ||
| 260 | |a Valparaíso |b Mercantil |c 1961 | ||
| 500 | |a Donación del padre Enrique Pascal García Huidobro | ||
| 600 | 0 | 7 | |a ESCUELA DE DERECHO DE VALPARAISO |2 CL-VaPUC |9 403816 |
| 650 | 0 | |a Pedagogía jurídica |9 380883 | |
| 650 | 0 | |a Universidades |9 256317 | |
| 650 | 0 | |a Escuelas de derecho |9 257536 | |
| 650 | 0 | |a Currículo universitario |9 335022 | |
| 650 | 0 | |a Enseñanza del derecho |9 354184 | |
| 651 | 7 | |a CHILE |2 CL-VaPUC |9 403817 | |
| 583 | |a last modification |c 19980307 00:00:00 |k Rodrigo Vera | ||
| 999 | |c 267091 |d 267089 | ||
| 952 | |0 0 |1 0 |2 ddc |4 0 |6 340_072000000000000_GUZ_1961 |7 0 |8 DER_HDC |9 299253 |a BIBDER |b BIBDER |d 2019-11-20 |i 1957821 |o 340.072 GUZ 1961 |p 1957821 |r 2023-01-25 |w 2019-11-20 |x Ubicación 4to Piso |y MX |z Estos recursos deben solicitarse con anticipación |k DER | ||